000 00434nam a2200169Ia 4500
008 190516s9999 xx 000 0 und d
100 _aHermoso, Christina
245 _aChurch needs to step up campaign vs HIV/AIDS/
245 _cChristina Hermoso
260 _bManila Bulletin
260 _c2016
300 _aNovember 18
440 _aManila Bulletin
650 _aAIDS (disease)
650 _ahealth
650 _aHIV virus
999 _c361874
_d361874